000 01301cam a22003617a 4500
003 CHAP
005 20220329142340.0
008 000904d2000 mx r 00110 spa d
010 _a82150
011 _a83122
035 _a93632
040 _cCHAP
090 _aTesis
100 0 0 _aMenassé González, José Alejandro.
_974545
245 1 0 _aCaracterización fisiológica de ovinos criollos y Suffolk y su interrelación con caracaterísticas productivas en edades diferentes
_c/por José Alejandro Menassé González
260 _aChapingo, Méx. :
_bEl autor,
_c2000.
300 _a114 h.
502 _aTesis (Ing. Agr. Esp. en Zootecnia) -- UACH. Departamento de Zootecnia
590 _aALEPH
_b10
_c20130110
_lUCH01
_h1437
590 _aBATCH-UPD
_b10
_c20130110
_lUCH01
_h0750
590 _aBATCH-UPD
_b10
_c20130410
_lUCH01
_h0430
590 _aBATCH-UPD
_b10
_c20130914
_lUCH01
_h1518
590 _aCONVERSION
_b10
_c20130109
_lUCH01
_h1346
650 1 4 _aGanado lanar
_xNutrición.
_945205
650 1 4 _aGanado lanar
_xRazas.
_945218
650 1 4 _aGanado Suffolk.
_945424
650 1 4 _aMetabolitos.
_975157
901 _aBK
905 _aLilia Sánchez G.
942 _cFOLL
949 _bBC
_cTES
_d33724000788253
_eTS2
_fc.2
_h36857
_i93632
_sb
949 _bBC
_cTES
_d936321
_eTS1
_h36856
_i93632
_sb
999 _c82150
_d82150